Microwave engineering / (Record no. 341)

MARC details
000 -LEADER
fixed length control field 01177cam a2200349 a 4500
001 - CONTROL NUMBER
control field 16910802
003 - CONTROL NUMBER IDENTIFIER
control field OSt
005 - DATE AND TIME OF LATEST TRANSACTION
control field 20250420134806.0
008 - FIXED-LENGTH DATA ELEMENTS--GENERAL INFORMATION
fixed length control field 110809s2012 njua b 001 0 eng
010 ## - LIBRARY OF CONGRESS CONTROL NUMBER
LC control number 2011033196
016 7# - NATIONAL BIBLIOGRAPHIC AGENCY CONTROL NUMBER
Record control number 015864610
Source Uk
020 ## - INTERNATIONAL STANDARD BOOK NUMBER
International Standard Book Number 9780470631553
035 ## - SYSTEM CONTROL NUMBER
System control number (OCoLC)ocn714728044
040 ## - CATALOGING SOURCE
Original cataloging agency DLC
Transcribing agency KCST
Modifying agency KCST
Language of cataloging eng
042 ## - AUTHENTICATION CODE
Authentication code pcc
050 00 - LIBRARY OF CONGRESS CALL NUMBER
Classification number TK7876
Item number .P69 2012
082 00 - DEWEY DECIMAL CLASSIFICATION NUMBER
Classification number 621.3813
Edition information 23
Item number Po Mi
100 1# - MAIN ENTRY--PERSONAL NAME
Personal name Pozar, David M.
9 (RLIN) 1196
245 10 - TITLE STATEMENT
Title Microwave engineering /
Statement of responsibility, etc. David M. Pozar.
250 ## - EDITION STATEMENT
Edition statement 4th ed.
260 ## - PUBLICATION, DISTRIBUTION, ETC.
Place of publication, distribution, etc. Hoboken, NJ :
Name of publisher, distributor, etc. Wiley,
Date of publication, distribution, etc. 2012.
300 ## - PHYSICAL DESCRIPTION
Extent xvii, 732 p. :
Other physical details ill. ;
Dimensions 26 cm.
504 ## - BIBLIOGRAPHY, ETC. NOTE
Bibliography, etc. note Includes bibliographical references and index.
650 #0 - SUBJECT ADDED ENTRY--TOPICAL TERM
Topical term or geographic name entry element Microwaves.
9 (RLIN) 1197
650 #0 - SUBJECT ADDED ENTRY--TOPICAL TERM
Topical term or geographic name entry element Microwave devices.
9 (RLIN) 1198
650 #0 - SUBJECT ADDED ENTRY--TOPICAL TERM
Topical term or geographic name entry element Microwave circuits.
9 (RLIN) 1199
856 42 - ELECTRONIC LOCATION AND ACCESS
Materials specified Publisher description
Uniform Resource Identifier <a href="http://www.loc.gov/catdir/enhancements/fy1210/2011033196-d.html">http://www.loc.gov/catdir/enhancements/fy1210/2011033196-d.html</a>
856 41 - ELECTRONIC LOCATION AND ACCESS
Materials specified Table of contents only
Uniform Resource Identifier <a href="http://www.loc.gov/catdir/enhancements/fy1210/2011033196-t.html">http://www.loc.gov/catdir/enhancements/fy1210/2011033196-t.html</a>
856 42 - ELECTRONIC LOCATION AND ACCESS
Materials specified Contributor biographical information
Uniform Resource Identifier <a href="http://www.loc.gov/catdir/enhancements/fy1506/2011033196-b.html">http://www.loc.gov/catdir/enhancements/fy1506/2011033196-b.html</a>
942 ## - ADDED ENTRY ELEMENTS (KOHA)
Koha item type Book
942 ## - ADDED ENTRY ELEMENTS (KOHA)
Source of classification or shelving scheme Dewey Decimal Classification
Holdings
Withdrawn status Lost status Source of classification or shelving scheme Damaged status Not for loan Home library Current library Date acquired Cost, normal purchase price Total checkouts Full call number Barcode Date last seen Price effective from Koha item type
    Dewey Decimal Classification     KCST Library KCST Library 02/02/2020 86.96   621.3813 Po Mi 1000000653 11/02/2020 02/02/2020 Book
© 2025 KCST. All rights reserved